000 00695nam a22001937a 4500
999 _c165681
_d165681
005 20190626155420.0
010 _aUR-10251
020 _c150.00
_a9789386285423
035 _aU-8806
037 _bDBAD/PUB
082 _a840
100 _aمفتی محمد عبا س شو ستر ی
245 _aر يا حين ا لا نشاء
_cمفتی محمد عبا س شو ستر ی
246 _bRayaaheen-ul-Insha (Urdu)
_aby Mufti Mohd. Abbas
260 _a Delhi
_bEducational Publishing House
_c2016 ء
270 _a3191،Vakil Street,Kucha Pandit,Lal Kuan,
_bDelhi
_e110006
_k23216162
_l00911123211540
300 _a104ص
_c22 Cm(Hb)
942 _2ddc
_cUR
_h840
_mم ح م